000 00262nam a22001217a 4500
008 180307b xxu||||| |||| 00| 0 eng d
041 _aeng
080 _a621
100 _a27
101 _amec
245 _aagrultural engineering
_cperry.r.l
942 _2udc
_cBK
999 _c44287
_d44287